<?xml version="1.0" encoding="UTF-8"?>
<record
    xmlns:xsi="http://www.w3.org/2001/XMLSchema-instance"
    xsi:schemaLocation="http://www.loc.gov/MARC21/slim http://www.loc.gov/standards/marcxml/schema/MARC21slim.xsd"
    xmlns="http://www.loc.gov/MARC21/slim">

  <leader>02806nam a22003137a 4500</leader>
  <controlfield tag="008">240229b2023    ua ||||| |||| 00| 0 eng d</controlfield>
  <datafield tag="040" ind1=" " ind2=" ">
    <subfield code="a">EAL</subfield>
    <subfield code="c">EAL</subfield>
  </datafield>
  <datafield tag="041" ind1=" " ind2=" ">
    <subfield code="a">eng</subfield>
    <subfield code="b">ara</subfield>
  </datafield>
  <datafield tag="090" ind1=" " ind2=" ">
    <subfield code="a">ART AJAS V54 No3 11</subfield>
  </datafield>
  <datafield tag="100" ind1="1" ind2=" ">
    <subfield code="a">Abd El-Galil, Hassan A.</subfield>
    <subfield code="9">35157</subfield>
  </datafield>
  <datafield tag="240" ind1="1" ind2="0">
    <subfield code="a">Assiut journal of agricultural sciences, 2023 v. 54 (3)</subfield>
  </datafield>
  <datafield tag="245" ind1="1" ind2="0">
    <subfield code="a"> Impact of different potassium fertilization sources on growth, yield and fruit quality of sultani fig tree</subfield>
    <subfield code="h">[electronic resource]</subfield>
  </datafield>
  <datafield tag="246" ind1="1" ind2="5">
    <subfield code="a">&#x62A;&#x623;&#x62B;&#x6CC;&#x631; &#x645;&#x635;&#x627;&#x62F;&#x631; &#x627;&#x644;&#x62A;&#x633;&#x645;&#x6CC;&#x62F; &#x627;&#x644;&#x628;&#x648;&#x62A;&#x627;&#x633;&#x649; &#x627;&#x644;&#x645;&#x62E;&#x62A;&#x644;&#x641;&#x629; &#x639;&#x644;&#x649; &#x627;&#x644;&#x646;&#x645;&#x648; &#x648; &#x627;&#x644;&#x645;&#x62D;&#x635;&#x648;&#x644; &#x648; &#x62C;&#x648;&#x62F;&#x629; &#x62B;&#x645;&#x627;&#x631; &#x623;&#x634;&#x62C;&#x627;&#x631; &#x627;&#x644;&#x62A;&#x6CC;&#x646; &#x627;&#x644;&#x633;&#x644;&#x637;&#x627;&#x646;&#x64A;</subfield>
  </datafield>
  <datafield tag="260" ind1=" " ind2=" ">
    <subfield code="a">2023</subfield>
  </datafield>
  <datafield tag="300" ind1=" " ind2=" ">
    <subfield code="a">145 - 155 p.</subfield>
  </datafield>
  <datafield tag="504" ind1=" " ind2=" ">
    <subfield code="a">Includes bibliographic reference</subfield>
  </datafield>
  <datafield tag="520" ind1=" " ind2=" ">
    <subfield code="a">The experiment was conducted on Sultani fig trees located on the farm of Shandawil Island Research Station, Sohag, Egypt, throughout the course of two subsequent growth seasons in 2020 and 2021. The goal of the study was to determine the applying various potassium sources to Sultani Fig trees' vegetative growth, yield components, and fruit quality. Data showed that when compared to untreated ones, the application of various potassium fertilization sources considerably enhanced leaf area, shoot length, and shoot thickness. Additionally, yield, ripeness, and fruit quality were all improved by all investigated potassium fertilization sources. The usage of potassium thiosulfate led to the maximum values of fruit weight, length, and diameter being noted. Between all examined treatments, there were no appreciable variations in fruit length or fruit diameter. The highest TSS and reducing sugar values, as well as the lowest titratable acidity values, were produced by vinasse and potassien. Additionally, no appreciable variations were discovered between them. One may deduce that in order to improve some vegetative development, high yield, and good fruit quality, different potassium fertilization sources were required twice a year. Therefore, from an economic perspective, vinasse and potassien are preferred. Due to reduced pollution and a lower overall cost of production.
Keywords: Sultani Fig trees, Vinasse, Potassien, Fruit quality.</subfield>
  </datafield>
  <datafield tag="546" ind1=" " ind2=" ">
    <subfield code="a">Summary in Arabic</subfield>
  </datafield>
  <datafield tag="650" ind1=" " ind2="0">
    <subfield code="a">Figs</subfield>
    <subfield code="9">35158</subfield>
  </datafield>
  <datafield tag="650" ind1=" " ind2="0">
    <subfield code="a">Fruit</subfield>
    <subfield code="x">Quality</subfield>
    <subfield code="9">35152</subfield>
  </datafield>
  <datafield tag="650" ind1=" " ind2="0">
    <subfield code="a">Potassium</subfield>
  </datafield>
  <datafield tag="700" ind1="1" ind2=" ">
    <subfield code="a">Masoud, Alaa A. B.</subfield>
    <subfield code="9">35159</subfield>
  </datafield>
  <datafield tag="700" ind1="1" ind2=" ">
    <subfield code="a">Abou-Zaid, Eman A. A.</subfield>
    <subfield code="9">35005</subfield>
  </datafield>
  <datafield tag="700" ind1="1" ind2=" ">
    <subfield code="a">Abd El- khalek, Mohamed A. A.</subfield>
    <subfield code="9">35160</subfield>
  </datafield>
  <datafield tag="700" ind1="1" ind2=" ">
    <subfield code="a">Bahlol, Nada S. A.</subfield>
    <subfield code="9">35161</subfield>
  </datafield>
  <datafield tag="773" ind1="0" ind2=" ">
    <subfield code="t">Assiut Journal of Agricultural Sciences.</subfield>
    <subfield code="g">2023.v.54(3)</subfield>
    <subfield code="x">1110-0486</subfield>
    <subfield code="7">nnas</subfield>
    <subfield code="w">u158554</subfield>
  </datafield>
  <datafield tag="856" ind1="4" ind2="0">
    <subfield code="u">http://nile.enal.sci.eg/cgi-bin/koha/opac-retrieve-file.pl?id=2e4260f50b215c141f7289bfb8bfdc21</subfield>
    <subfield code="z">Full Text Avalible on site</subfield>
  </datafield>
  <datafield tag="942" ind1=" " ind2=" ">
    <subfield code="2">Alphabetical Classification</subfield>
    <subfield code="c">Articles</subfield>
  </datafield>
  <datafield tag="952" ind1=" " ind2=" ">
    <subfield code="0">0</subfield>
    <subfield code="1">0</subfield>
    <subfield code="2">alc</subfield>
    <subfield code="4">0</subfield>
    <subfield code="7">0</subfield>
    <subfield code="a">ENAL</subfield>
    <subfield code="b">ENAL</subfield>
    <subfield code="d">2024-02-29</subfield>
    <subfield code="l">0</subfield>
    <subfield code="o">ART AJAS V54 No3 11</subfield>
    <subfield code="r">2024-02-29 11:11:25</subfield>
    <subfield code="w">2024-02-29</subfield>
    <subfield code="y">AR</subfield>
  </datafield>
  <datafield tag="999" ind1=" " ind2=" ">
    <subfield code="c">69066</subfield>
    <subfield code="d">69066</subfield>
  </datafield>
</record>
